000 00811cam a22002534a 4500
001 13487962
005 20171215090804.0
008 040211s2004 nyua b 001 0 eng
010 _a 2004003282
020 _a1593850344 (pbk. : alk. paper)
040 _aDLC
_cDLC
_dDLC
041 _aeng
042 _apcc
043 _an-us---
080 _a372.41 WAL
082 0 0 _a372.41 WAL
_222
100 1 _a46
101 _aEDU
245 1 4 _aThe literacy coach's handbook :
_cSharon Walpole, Michael C. McKenna.
504 _aIncludes bibliographical references (p. 234-242) and index.
906 _a7
_bcbc
_corignew
_d1
_eecip
_f20
_gy-gencatlg
942 _2ddc
_cBK
999 _c39041
_d39041